Statistics for NBA All-Star Game - Every selected players 2000-2009

Click here to take the quiz!

General Stats

  • This quiz has been taken 111 times
  • The average score is 52 of 82

Answer Stats

Selections Player Teams % Correct
10Kobe BryantLAL
100%
Shaquille O'NealLAL, MIA, PHX
99%
Tim DuncanSA
98%
9Ray AllenMIL, SEA, BOS
98%
Dirk NowitzkiDAL
96%
5LeBron JamesCLE
96%
Kevin GarnettMIN, BOS
96%
Allen IversonPHI, DEN, DET
96%
Steve NashDAL, PHX
95%
8Vince CarterTOR, NJ
95%
Dwyane WadeMIA
95%
Paul PierceBOS
94%
6Jermaine O'NealIND
94%
Tracy McGradyORL, HOU
93%
Tony ParkerSA
89%
7Jason KiddPHX, NJ,
88%
Ben WallaceDET
86%
Rasheed WallacePOR, DET
86%
4Gary PaytonSEA
86%
Manu GinobiliSA
84%
Amar'e StoudemirePHX
84%
Yao MingHOU
84%
Chris BoshTOR
83%
Dwight HowardORL
83%
Josh HowardDAL
83%
Chris WebberSAC
80%
3Karl MaloneUTA
80%
Pau GasolMEM, LAL
80%
Chauncey BillupsDET
77%
Joe JohnsonATL
75%
Grant HillDET, ORL
75%
Carmelo AnthonyDEN
74%
Alonzo MourningMIA
74%
Mo WilliamsCLE
74%
Brad MillerIND, SAC
73%
Shawn MarionPHX
73%
Chris PaulNO
73%
Reggie MillerIND
73%
David RobinsonSA
72%
Glenn RobinsonMIL
72%
Michael JordanWAS
70%
1John StocktonUTA
69%
Antonio DavisTOR
63%
Richard HamiltonDET
63%
Dale DavisIND
63%
Baron DavisCHA, NO
63%
Peja StojakovicSAC
60%
Gilbert ArenasWAS
59%
Dikembe MutomboATL, PHI
58%
Vlade DivacSAC
57%
Ron ArtestIND
56%
David WestNO
54%
Steve FrancisHOU
51%
Antoine WalkerBOS
49%
Andrei KirilenkoUTA
49%
Brandon RoyPOR
48%
Sam CassellMIN
48%
Zydrunas IlgauskasCLE
47%
2Michael FinleyDAL
47%
Elton BrandLAC
47%
Carlos BoozerUTA
46%
Rashard LewisSEA, ORL
42%
Latrell SprewellNY
42%
Stephon MarburyNJ, PHX
40%
Jerry StackhouseDET
40%
Antawn JamisonWAS
38%
Kenyon MartinNJ
38%
Eddie JonesCHA
37%
Caron ButlerWAS
37%
Michael ReddMIL
37%
Allan HoustonNY
37%
Jameer NelsonORL
35%
Danny GrangerIND
35%
Jamal MashburnNO
28%
Mehmet OkurUTA
27%
Wally SzczerbiakMIN
25%
Devin HarrisNJ
22%
Shareef Abdur-RahimATL
21%
Antonio McDyessDEN
21%
Jamaal MagloireCHA
19%
Anthony MasonMIA
17%
Theo RatliffPHI
16%

Score Distribution

Percentile by Number Answered

Percent of People with Each Score

Your Score History

You have not taken this quiz